| 000 -LEADER |
| fixed length control field |
00913nam a2200277Ia 4500 |
| 020 ## - INTERNATIONAL STANDARD BOOK NUMBER |
| ISBN |
0765207508 (gr.3) |
| 020 ## - INTERNATIONAL STANDARD BOOK NUMBER |
| ISBN |
0765207516 (gr.4) |
| 020 ## - INTERNATIONAL STANDARD BOOK NUMBER |
| ISBN |
0765207524 (gr.5) |
| 020 ## - INTERNATIONAL STANDARD BOOK NUMBER |
| ISBN |
0765207532 (gr.3,teacher resource guide) |
| 020 ## - INTERNATIONAL STANDARD BOOK NUMBER |
| ISBN |
0765207540 (gr.4,teacher resource guide) |
| 020 ## - INTERNATIONAL STANDARD BOOK NUMBER |
| ISBN |
0765207559 (gr.5,teacher resource guide) |
| 040 ## - CATALOGING SOURCE |
| Transcribing agency |
KZS |
| 082 ## - DEWEY DECIMAL CLASSIFICATION NUMBER |
| Classification number |
372 MOD 1999 A064 Or. |
| 100 1# - MAIN ENTRY--AUTHOR NAME |
| Personal name |
Baron, Lindamichelle |
| 245 14 - TITLE STATEMENT |
| Title |
The write direction / |
| 260 ## - PUBLICATION, DISTRIBUTION, ETC. (IMPRINT) |
| Place of publication |
Parsippany, N.J. : |
| Name of publisher |
Modern Curriculum Press, |
| Year of publication |
1999 |
| 300 ## - PHYSICAL DESCRIPTION |
| Number of Pages |
3 v. : |
| Other physical details |
col. ill. ; |
| Dimensions |
29 cm. + |
| Accompanying material |
teacher resource guide (3 v. : col. ill. ; 31 cm.) |
| 500 ## - GENERAL NOTE |
| General note |
Teacher resource guide: spiral binding |
| 500 ## - GENERAL NOTE |
| General note |
Includes indexes |
| 650 #0 - SUBJECT ADDED ENTRY--TOPICAL TERM |
| Topical Term |
English language |
| 650 #0 - SUBJECT ADDED ENTRY--TOPICAL TERM |
| Topical Term |
Language arts (Elementary) |
| 650 #4 - SUBJECT ADDED ENTRY--TOPICAL TERM |
| Topical Term |
Curmats |
| 700 1# - ADDED ENTRY--PERSONAL NAME |
| Personal name |
Sicinski-Skeans, Sharon |
| 710 2# - ADDED ENTRY--CORPORATE NAME |
| Corporate name or jurisdiction name as entry element |
Modern Curriculum Press |
| 942 ## - ADDED ENTRY ELEMENTS (KOHA) |
| Koha item type |
សៀវភៅភាសាអង់គ្លេស |
| 952 ## - LOCATION AND ITEM INFORMATION (KOHA) |
| Withdrawn status [LOCAL, KOHA] |
0 |